Who's who in the world : (Record no. 190963)
[ view plain ]
| 000 -LEADER | |
|---|---|
| campo de control de longitud fija | 00597cam a2200217 i 4500 |
| 001 - NÚMERO DE CONTROL | |
| campo de control | 190963 |
| 003 - IDENTIFICADOR DE NÚMERO DE CONTROL | |
| campo de control | ES-MaACL |
| 005 - FECHA Y HORA DE LA ÚLTIMA TRANSACCIÓN | |
| campo de control | 20240226212012.0 |
| 008 - DATOS DE LONGITUD FIJA--INFORMACIÓN GENERAL | |
| campo de control de longitud fija | 220905s2006 xxu d 001 0ceng c |
| 020 ## - NÚMERO INTERNACIONAL ESTÁNDAR DEL LIBRO | |
| Número Internacional Estándar del Libro | 0-8379-1135-4 |
| 040 ## - FUENTE DE CATALOGACIÓN | |
| Centro catalogador/agencia de origen | UAL. |
| Lengua de catalogación | spa. |
| Centro/agencia transcriptor | UAL. |
| Normas de descripción | rdc |
| 080 ## - NÚMERO DE LA CLASIFICACIÓN DECIMAL UNIVERSAL | |
| Número de la Clasificación Decimal Universal | 929(058) |
| 245 00 - MENCIÓN DEL TÍTULO | |
| Título | Who's who in the world : |
| Resto del título | 2006. |
| 250 ## - MENCION DE EDICION | |
| Mención de edición | 23rd ed. |
| 260 ## - PUBLICACIÓN, DISTRIBUCIÓN, ETC. | |
| Lugar de publicación, distribución, etc. | New providence : |
| Nombre del editor, distribuidor, etc. | Marquis Who's Who, |
| Fecha de publicación, distribución, etc. | [2006] |
| 300 ## - DESCRIPCIÓN FÍSICA | |
| Extensión | XV, 3021. |
| 500 ## - NOTA GENERAL | |
| Nota general | Índices. |
| 650 #7 - PUNTO DE ACCESO ADICIONAL DE MATERIA--TÉRMINO DE MATERIA | |
| Término de materia o nombre geográfico como elemento de entrada | Biografías- |
| Subdivisión general | Directorios |
| Fuente del encabezamiento o término | |
| 9 (RLIN) | 175012 |
| 852 ## - LOCALIZACIÓN | |
| Ubicación | ES-MaACL |
| Número de control de estantería | DIR 929(058) who "2006" |
| Estatus retirado | Estado de pérdida | Estado de daño | No para préstamo | Biblioteca de origen | Biblioteca actual | Ubicación en estantería | Fecha de adquisición | Total de préstamos | Signatura topográfica completa | Código de barras | Visto por última vez | Precio de reemplazo | Tipo de ítem Koha |
|---|---|---|---|---|---|---|---|---|---|---|---|---|---|
| Biblioteca del Ateneo de Madrid | Biblioteca del Ateneo de Madrid | Sala Pecera Referencia | 05/09/2022 | DIR 929 who "2006 | 1203268 | 23/02/2023 | 23/02/2023 | Libro impreso |
